000 00779nam a2200205Ii 4500
003 JO-AjNU
008 230605s9999||||xx |||||||||||||| ||und||
040 _aJO-AjNU
_bara
_erda
_cJO-AjNU
041 _aara
050 1 4 _aZ49.U A7
100 3 _aتاليف لجنة من الاساتذة الاختصاصين ,
_eauthor
_99355
245 0 0 _aالطريقة الحديثة في تعليم الضرب على الاله الكاتبة العربية بطريقة اللمس
264 3 1 _aبيروت:دار الافاق، د.ت
300 _a118ص
336 _atext
_btxt
_2rdacontent
337 _aunmediated
_bn
_2rdamedia
338 _avolume
_bnc
_2rdacarrier
490 0 _aفن السكرتاريه1
650 4 _aالتعلم الاله الكاتبة-بدون معلم
_99356
999 _aA1257
_c4825
_d4825